[Event "23rd European Women Club Cup 2018"]
[Site "Halkidiki"]
[Date "2018.10.14"]
[Round "3"]
[White "Mar, Karmen"]
[Black "Socko, Monika"]
[Result "0-1"]
[WhiteElo "2107"]
[BlackElo "2451"]
[Annotator "ChessBase"]
[PlyCount "112"]
[EventDate "2018.10.12"]
[EventType "team-tourn"]
[EventCountry "GRE"]
[SourceTitle "playchess.com"]
[Source "ChessBase"]
[SourceQuality "1"]
[WhiteTeam "Maribor"]
[BlackTeam "Monte-Carlo"]
[TimeControl "40/5400+30:1800+30"]

1. e4 {[%emt 0:00:00]} c6 {[%emt 0:00:00]} 2. d4 {[%emt 0:00:00]} d5 {[%emt 0:00:00]} 3. Nc3 {[%emt 0:00:00]} dxe4 {[%emt 0:00:00]} 4. Nxe4 {[%emt 0:00:00]} Nd7 {[%emt 0:00:00]} 5. Nf3 {[%emt 0:00:25]} Ngf6 {[%emt 0:00:06]} 6. Neg5 {[%emt 0:06:29]} e6 {[%emt 0:01:22]} 7. Bd3 {[%emt 0:00:41]} Bd6 {[%emt 0:00:40]} 8. Qe2 {[%emt 0:00:30]} h6 {[%emt 0:00:24]} 9. Ne4 {[%emt 0:01:13]} Nxe4 {[%emt 0:00:05]} 10. Qxe4 {[%emt 0:00:09]} Qc7 {[%emt 0:00:12]} 11. Bd2 {[%emt 0:10:17]} c5 {[%emt 0:05:31]} 12. dxc5 {[%emt 0:10:53]} Nxc5 {[%emt 0:01:58]} 13. Bb5+ {[%emt 0:00:29]} Bd7 {[%emt 0:04:33]} 14. Bxd7+ {[%emt 0:00:17]} Qxd7 {[%emt 0:02:02]} 15. Qe2 {[%emt 0:08:48]} O-O {[%emt 0:06:20]} 16. O-O {[%emt 0:03:30]} Qa4 {[%emt 0:03:53]} 17. Bc3 {[%emt 0:14:58]} Rfd8 {[%emt 0:05:23]} 18. Rfe1 {[%emt 0:05:35]} Rac8 {[%emt 0:04:07]} 19. Rad1 {[%emt 0:05:58]} Bf8 {[%emt 0:05:20]} 20. b3 {[%emt 0:04:29]} Qa6 {[%emt 0:03:08]} 21. Qxa6 {[%emt 0:05:35]} Nxa6 {[%emt 0:00:16]} 22. Rxd8 {[%emt 0:00:12]} Rxd8 {[%emt 0:00:05]} 23. Bd2 {[%emt 0:03:19]} Nb4 {[%emt 0:03:15]} 24. Bxb4 {[%emt 0:02:39]} Bxb4 {[%emt 0:00:02]} 25. Rc1 {[%emt 0:02:42]} Bc3 {[%emt 0:00:38]} 26. Ne1 {[%emt 0:01:56]} Rc8 {[%emt 0:02:30]} 27. Kf1 {[%emt 0:01:26]} Bd2 {[%emt 0:01:07]} 28. Rd1 {[%emt 0:00:17]} Bxe1 {[%emt 0:00:04]} 29. Kxe1 {[%emt 0:00:08]} Rxc2 {[%emt 0:00:20]} 30. Rd8+ {[%emt 0:00:15]} Kh7 {[%emt 0:00:01]} 31. Rd7 {[%emt 0:00:21]} Rxa2 {[%emt 0:02:58]} 32. Rxb7 {[%emt 0:00:32]} Kg6 {[%emt 0:00:46]} 33. g3 {[%emt 0:05:41]} Kf6 {[%emt 0:00:37]} 34. h4 {[%emt 0:00:28]} h5 {[%emt 0:00:06]} 35. Kf1 {[%emt 0:00:41]} g6 {[%emt 0:00:08]} 36. Kg2 {[%emt 0:00:22]} e5 {[%emt 0:00:20]} 37. Kf3 {[%emt 0:04:12]} Ke6 {[%emt 0:06:58]} 38. b4 {[%emt 0:02:39]} Ra3+ {[%emt 0:03:10]} 39. Kg2 {[%emt 0:00:25]} e4 {[%emt 0:04:08]} 40. Rb5 {[%emt 0:00:00]} Ra2 {[%emt 0:00:00]} 41. Kg1 {[%emt 0:05:16]} f6 {[%emt 0:04:20]} 42. Kf1 {[%emt 0:02:27]} Kd6 {[%emt 0:02:38]} 43. Rb7 {[%emt 0:06:13]} Ke5 {[%emt 0:00:15]} 44. Re7+ {[%emt 0:00:56]} Kf5 {[%emt 0:01:36]} 45. Rf7 {[%emt 0:04:01]} a6 {[%emt 0:04:26]} 46. Kg1 {[%emt 0:03:25]} Rb2 {[%emt 0:03:41]} 47. Ra7 {[%emt 0:01:08]} e3 {[%emt 0:09:18]} 48. fxe3 {[%emt 0:05:29]} Kg4 {[%emt 0:00:18]} 49. Rxa6 {[%emt 0:02:53]} Kxg3 {[%emt 0:00:14]} 50. Rxf6 {[%emt 0:00:29]} Rb1+ {[%emt 0:00:05]} 51. Rf1 {[%emt 0:00:03]} Rxb4 {[%emt 0:00:03]} 52. Re1 {[%emt 0:02:13]} Rg4 {[%emt 0:02:11]} 53. Kf1 {[%emt 0:02:44]} Kf3 {[%emt 0:00:46]} 54. Re2 {[%emt 0:00:34]} Rxh4 {[%emt 0:00:12]} 55. Rf2+ {[%emt 0:00:19]} Kxe3 {[%emt 0:00:16]} 56. Rf6 {[%emt 0:00:20]} Rf4+ {[%emt 0:00:09]} 0-1

[Event "23rd European Women Club Cup 2018"]
[Site "Halkidiki"]
[Date "2018.10.14"]
[Round "3"]
[White "Guerini, Silvia jr"]
[Black "Tsolakidou, Stavroula"]
[Result "0-1"]
[WhiteElo "1977"]
[BlackElo "2393"]
[Annotator "TA"]
[PlyCount "146"]
[EventDate "2018.10.12"]
[EventType "team-tourn"]
[EventCountry "GRE"]
[SourceTitle "playchess.com"]
[Source "ChessBase"]
[SourceQuality "1"]
[WhiteTeam "Banca Alpi Marittime"]
[BlackTeam "Pentole Agnelli"]

{[%evp 24,146,5,-27,8,-34,-21,-54,-43,-40,-56,-44,-34,-41,0,0,4,17,28,21,41,16,47,40,67,39,135,7,21,10,22,29,0,0,5,0,22,14,20,13,9,0,12,0,0,0,0,0,0,-45,-14,-22,-8,-27,-22,-36,-36,-22,-25,-24,-36,-49,-45,-45,-48,-74,-74,-102,-65,-140,-129,-129,-30,-129,-134,-135,-124,-202,-203,-210,-205,-258,-256,-275,-277,-266,-270,-254,-126,-223,-72,-218,0,-226,0,-230,-134,-203,-200,-175,-184,-175,-168,-205,-205,-1400,-1387,-1285,-1223,-3340,-2331,-29952,-846,-29964,-29965,-29965,-29964,-29971,-29970,-5102,-4606,-29990,-29980,-29995,-29985]} 1. e4 {Bulletin} c5 2. Nf3 d6 3. d4 cxd4 4. Nxd4 Nf6 5. Nc3 a6 6. Bc4 e6 7. O-O b5 8. Bb3 Be7 9. Qf3 Qc7 10. Qg3 O-O 11. Bh6 Ne8 12. Rad1 Bf6 {B87: Sicilian Scheveningen/Najdorf: 6 Bc4, with early ...b5} (12... Bd7 13. Nce2 Kh8 14. Bg5 Bxg5 15. Qxg5 Nf6 16. Ng3 Qc5 17. Qd2 Rd8 18. Nf3 a5 19. a3 Ne8 20. Ng5 Kg8 {1-0 (34) Kasimdzhanov,R (2704)-Karjakin,S (2762) Berlin 2015}) 13. Nce2 {LiveBook: 3 Games} Nc6 14. Kh1 $146 ({Predecessor:} 14. c3 Kh8 15. Bg5 Bb7 16. Rfe1 Bxg5 17. Qxg5 Nf6 18. Qh4 Ne5 19. Ng3 Qc5 20. Qg5 {0-1 (61) Macieja,B (2440)-Kempinski,R (2435) Warsaw 1995 EXT 1999 [Bulletin]}) 14... Na5 {Black is slightly better.} 15. f4 Nxb3 16. cxb3 Bb7 17. Rc1 Qb8 18. f5 e5 19. Nc6 Bxc6 $1 20. Rxc6 b4 21. Rd1 Kh8 22. Be3 {Black must now prevent Rb6.} Qb7 23. Rdc1 Qb5 24. Qf3 d5 (24... Qa5 $14) 25. Bc5 ({Don't play} 25. exd5 e4 $14) (25. Bb6 $1 $16 dxe4 26. Qxe4) 25... Qxc6 $11 26. Bxf8 dxe4 27. Rxc6 exf3 28. gxf3 a5 29. Ng3 e4 30. fxe4 Bxb2 31. Bc5 Nf6 32. Kg2 g6 33. Kf3 Nd7 {Hoping for ...Ne5+.} 34. Rc7 Ne5+ 35. Kg2 Kg7 36. Bb6 Ra6 37. Be3 Ng4 38. Bf4 a4 39. Rb7 axb3 40. axb3 Ra2 41. Ne2 Be5 42. Bxe5+ Nxe5 $15 {[%mdl 4096] Endgame KRN-KRN} 43. Kf1 Nd3 44. fxg6 hxg6 45. h3 Rb2 46. Nd4 (46. e5 $1 $15) 46... Kf6 $1 $17 47. Rb5 {[#]} Rf2+ $1 48. Kg1 Rf4 49. Rb6+ Kg7 50. Nc2 (50. Rd6 $17) 50... Rxe4 $19 51. Kf1 g5 52. Rb5 Kg6 53. Rb6+ f6 54. Rd6 Rf4+ 55. Kg1 Nc1 (55... Rf3 $19 56. Rd4 Kh5) 56. Rb6 (56. Re6 $17 {is a better defense.}) 56... Na2 $2 (56... Nxb3 57. Nxb4 Rd4 58. Nc6) (56... Ne2+ $19 57. Kg2 Rh4 58. Nxb4 Nf4+ 59. Kg1 Nxh3+ 60. Kf1 Nf4) 57. Ra6 (57. Kg2 $17) 57... Nc1 58. Rb6 Nd3 ({Don't take} 58... Nxb3 59. Nxb4 Rd4 60. Nc6) 59. Rd6 Ne5 ({Black should play} 59... Rf3 $19 {...Nf4 is the strong threat.} 60. Rd4 Nf4 61. Rxb4 Rg3+ 62. Kf1 Rxh3) 60. Rb6 (60. Kg2 $17) 60... Rh4 61. Nxb4 Rxh3 62. Nd5 Ng4 63. b4 Rg3+ 64. Kf1 $2 {[#]} (64. Kh1) 64... Ne3+ $1 65. Nxe3 Rxe3 {KR-KR} 66. b5 Rb3 67. Kg2 Kf5 68. Rb8 Kf4 69. b6 f5 70. b7 g4 {[%cal Bg5g4,Bg4g3][%mdl 32]} 71. Kf2 Rb2+ 72. Kg1 g3 73. Kf1 Kf3 {Precision: White = 30%, Black = 56%.} 0-1

[Event "23rd European Women Club Cup 2018"]
[Site "Halkidiki"]
[Date "2018.10.14"]
[Round "3"]
[White "Buzukashvili, Sofia"]
[Black "Babiy, Olga"]
[Result "0-1"]
[WhiteElo "1936"]
[BlackElo "2310"]
[Annotator "NA"]
[PlyCount "46"]
[EventDate "2018.10.12"]
[EventType "team-tourn"]
[EventCountry "GRE"]
[SourceTitle "playchess.com"]
[Source "ChessBase"]
[SourceQuality "1"]
[WhiteTeam "Beer Sheva"]
[BlackTeam "Kyiv"]
[TimeControl "40/5400+30:1800+30"]

1. d4 {[%emt 0:00:00]} Nf6 {[%emt 0:00:00]} 2. c4 {[%emt 0:00:00]} e6 {[%emt 0:00:00]} 3. Nc3 {[%emt 0:00:02]} Bb4 {[%emt 0:00:00]} 4. Qc2 {[%emt 0:00:25]} O-O {[%emt 0:00:00]} 5. a3 {[%emt 0:00:50]} Bxc3+ {[%emt 0:00:11]} 6. Qxc3 {[%emt 0:00:19]} d6 {[%emt 0:03:29]} 7. Nf3 {[%emt 0:02:02]} b6 {[%emt 0:01:33]} 8. e3 {[%emt 0:02:11]} Bb7 {[%emt 0:00:49]} 9. Be2 {[%emt 0:00:13]} Nbd7 {[%emt 0:01:29]} 10. O-O {[%emt 0:01:09]} Ne4 {[%emt 0:02:46]} 11. Qc2 {[%emt 0:00:37]} f5 {[%emt 0:00:15]} 12. b3 {[%emt 0:02:02]} Rf6 {[%emt 0:10:10]} 13. Rd1 {[%emt 0:12:04]} c5 {[%emt 0:17:55]} 14. d5 {[%emt 0:07:09]} Rh6 {[%emt 0:05:41]} 15. Bb2 {[%emt 0:03:14]} e5 {[%emt 0:06:38]} 16. Bd3 {[%emt 0:05:27]} Ndf6 {[%emt 0:00:50]} 17. Ne1 {[%emt 0:19:29]} Ng4 {[%emt 0:11:24]} 18. Bxe4 {[%emt 0:05:11]} fxe4 {[%emt 0:00:16]} 19. Qxe4 {[%emt 0:00:52]} Qh4 {[%emt 0:00:42]} 20. Nd3 {[%emt 0:07:06]} Qxh2+ {[%emt 0:00:18]} 21. Kf1 {[%emt 0:00:06]} Nf6 {[%emt 0:06:40]} 22. Qf5 {[%emt 0:01:43]} Bc8 {[%emt 0:00:16]} 23. Qg5 {[%emt 0:09:13]} Rg6 {[%emt 0:01:04]} 0-1

[Event "23rd European Women Club Cup 2018"]
[Site "Halkidiki"]
[Date "2018.10.14"]
[Round "3"]
[White "Petraki, Evaggelia"]
[Black "Haussernot, Cecile"]
[Result "0-1"]
[WhiteElo "1769"]
[BlackElo "2204"]
[Annotator "NA"]
[PlyCount "106"]
[EventDate "2018.10.12"]
[EventType "team-tourn"]
[EventCountry "GRE"]
[SourceTitle "playchess.com"]
[Source "ChessBase"]
[SourceQuality "1"]
[WhiteTeam "Thessaloniki"]
[BlackTeam "Mulhouse"]
[TimeControl "40/5400+30:1800+30"]

1. e4 {[%emt 0:00:00]} c5 {[%emt 0:00:00]} 2. Nf3 {[%emt 0:00:00]} d6 {[%emt 0:00:00]} 3. d4 {[%emt 0:00:00]} cxd4 {[%emt 0:00:00]} 4. Nxd4 {[%emt 0:00:00]} Nf6 {[%emt 0:00:00]} 5. Nc3 {[%emt 0:00:00]} a6 {[%emt 0:00:01]} 6. Be3 {[%emt 0:00:02]} e5 {[%emt 0:00:09]} 7. Nb3 {[%emt 0:00:09]} Be6 {[%emt 0:02:09]} 8. Be2 {[%emt 0:00:10]} Be7 {[%emt 0:00:09]} 9. O-O {[%emt 0:00:10]} O-O {[%emt 0:00:28]} 10. Nd5 {[%emt 0:00:28]} Nbd7 {[%emt 0:10:23]} 11. Qd3 {[%emt 0:03:13]} b5 {[%emt 0:07:56]} 12. Nxf6+ {[%emt 0:14:29]} Nxf6 {[%emt 0:00:10]} 13. f4 {[%emt 0:00:10]} Bc4 {[%emt 0:01:03]} 14. Qd1 {[%emt 0:00:43]} Nxe4 {[%emt 0:00:34]} 15. Bxc4 {[%emt 0:04:47]} bxc4 {[%emt 0:00:29]} 16. Nd2 {[%emt 0:00:36]} Nxd2 {[%emt 0:02:09]} 17. Qxd2 {[%emt 0:00:06]} Qc7 {[%emt 0:03:25]} 18. c3 {[%emt 0:03:37]} Rab8 {[%emt 0:01:02]} 19. Rf2 {[%emt 0:01:05]} exf4 {[%emt 0:02:38]} 20. Bxf4 {[%emt 0:01:52]} Qc6 {[%emt 0:00:54]} 21. Rd1 {[%emt 0:03:22]} Rfd8 {[%emt 0:03:13]} 22. Qd5 {[%emt 0:10:42]} Qxd5 {[%emt 0:14:03]} 23. Rxd5 {[%emt 0:00:03]} f6 {[%emt 0:02:40]} 24. Rfd2 {[%emt 0:04:14]} Rb6 {[%emt 0:00:28]} 25. R5d4 {[%emt 0:09:07]} Rc6 {[%emt 0:00:21]} 26. Kf2 {[%emt 0:11:28]} Kf7 {[%emt 0:00:29]} 27. Kf3 {[%emt 0:02:43]} g5 {[%emt 0:03:35]} 28. Be3 {[%emt 0:01:45]} f5 {[%emt 0:00:07]} 29. Rd1 {[%emt 0:02:02]} Bf6 {[%emt 0:02:42]} 30. Rd5 {[%emt 0:02:43]} Ke6 {[%emt 0:00:05]} 31. Bc1 {[%emt 0:04:23]} h5 {[%emt 0:00:40]} 32. g3 {[%emt 0:01:26]} Rh8 {[%emt 0:01:34]} 33. Ra5 {[%emt 0:01:53]} Rg8 {[%emt 0:01:16]} 34. Be3 {[%emt 0:03:32]} h4 {[%emt 0:04:44]} 35. Re1 {[%emt 0:05:01]} g4+ {[%emt 0:05:51]} 36. Kg2 {[%emt 0:00:23]} h3+ {[%emt 0:01:34]} 37. Kf2 {[%emt 0:00:21]} Be5 {[%emt 0:00:09]} 38. Bd4 {[%emt 0:00:55]} Rb8 {[%emt 0:00:21]} 39. Bxe5 {[%emt 0:01:02]} Rxb2+ {[%emt 0:00:05]} 40. Kg1 {[%emt 0:00:00]} dxe5 {[%emt 0:00:00]} 41. Rexe5+ {[%emt 0:05:46]} Kd7 {[%emt 0:05:30]} 42. Rxf5 {[%emt 0:04:17]} Rg2+ {[%emt 0:03:42]} 43. Kf1 {[%emt 0:02:41]} Rxh2 {[%emt 0:00:39]} 44. Rad5+ {[%emt 0:00:40]} Kc7 {[%emt 0:00:09]} 45. Rf7+ {[%emt 0:00:26]} Kb6 {[%emt 0:00:06]} 46. a4 {[%emt 0:00:13]} Rh1+ {[%emt 0:00:57]} 47. Kf2 {[%emt 0:00:50]} Re6 {[%emt 0:00:21]} 48. a5+ {[%emt 0:03:46]} Kc6 {[%emt 0:00:02]} 49. Rc7+ {[%emt 0:02:24]} Kxd5 {[%emt 0:00:58]} 50. Rc5+ Ke4 {[%emt 0:00:05]} 51. Rxc4+ {[%emt 0:00:14]} Kd3 {[%emt 0:00:08]} 52. Rd4+ {[%emt 0:00:19]} Kc2 {[%emt 0:00:05]} 53. Rd2+ {[%emt 0:00:07]} Kxd2 {[%emt 0:00:02]} 0-1

[Event "23rd European Women Club Cup 2018"]
[Site "Halkidiki"]
[Date "2018.10.14"]
[Round "3"]
[White "Nikolaki, Dimitria"]
[Black "Neuhauser, Salome"]
[Result "0-1"]
[WhiteElo "1327"]
[BlackElo "2115"]
[Annotator "NA"]
[PlyCount "68"]
[EventDate "2018.10.12"]
[EventType "team-tourn"]
[EventCountry "GRE"]
[SourceTitle "playchess.com"]
[Source "ChessBase"]
[SourceQuality "1"]
[WhiteTeam "Thessaloniki"]
[BlackTeam "Mulhouse"]
[TimeControl "40/5400+30:1800+30"]

1. d4 {[%emt 0:00:00]} Nf6 {[%emt 0:00:00]} 2. Nf3 {[%emt 0:00:00]} g6 {[%emt 0:00:00]} 3. Bf4 {[%emt 0:00:00]} Bg7 {[%emt 0:00:06]} 4. e3 {[%emt 0:00:13]} O-O {[%emt 0:00:06]} 5. Be2 {[%emt 0:00:20]} d6 {[%emt 0:00:15]} 6. h3 {[%emt 0:01:09]} Nbd7 {[%emt 0:02:07]} 7. O-O {[%emt 0:02:25]} Qe8 {[%emt 0:03:33]} 8. c3 {[%emt 0:09:10]} e5 {[%emt 0:00:19]} 9. dxe5 {[%emt 0:02:08]} Nxe5 {[%emt 0:04:10]} 10. Nbd2 {[%emt 0:14:04]} Qe7 {[%emt 0:03:02]} 11. Bh2 {[%emt 0:06:02]} Rd8 {[%emt 0:04:44]} 12. Qb3 {[%emt 0:12:33]} Ned7 {[%emt 0:11:27]} 13. Nd4 {[%emt 0:04:47]} Nc5 {[%emt 0:01:38]} 14. Qc2 {[%emt 0:02:17]} c6 {[%emt 0:11:38]} 15. Rfd1 {[%emt 0:18:42]} Nfe4 {[%emt 0:08:26]} 16. Nxe4 {[%emt 0:05:49]} Nxe4 {[%emt 0:00:02]} 17. Bf3 {[%emt 0:01:01]} Ng5 {[%emt 0:06:53]} 18. Be2 {[%emt 0:06:42]} a6 {[%emt 0:01:08]} 19. Bf4 {[%emt 0:09:31]} Ne6 {[%emt 0:05:55]} 20. Bh2 {[%emt 0:00:59]} d5 {[%emt 0:06:14]} 21. a3 {[%emt 0:01:48]} Re8 {[%emt 0:01:27]} 22. Re1 {[%emt 0:00:39]} Ng5 {[%emt 0:03:51]} 23. Bg3 {[%emt 0:00:38]} Ne4 {[%emt 0:00:21]} 24. Bf4 {[%emt 0:00:30]} c5 {[%emt 0:06:03]} 25. Nf3 {[%emt 0:00:29]} b5 {[%emt 0:01:02]} 26. Rad1 {[%emt 0:00:31]} Bb7 {[%emt 0:00:09]} 27. Bh2 {[%emt 0:00:30]} Rac8 {[%emt 0:01:21]} 28. a4 {[%emt 0:00:31]} Bc6 {[%emt 0:02:17]} 29. axb5 {[%emt 0:00:29]} axb5 {[%emt 0:00:06]} 30. Nd2 Nxd2 {[%emt 0:07:16]} 31. Rxd2 {[%emt 0:01:00]} d4 {[%emt 0:00:40]} 32. exd4 {[%emt 0:00:30]} cxd4 {[%emt 0:00:07]} 33. Qc1 {[%emt 0:00:32]} Qg5 {[%emt 0:00:39]} 34. Rdd1 {[%emt 0:00:28]} Qxg2# {[%emt 0:00:07]} 0-1

[Event "23rd European Women Club Cup 2018"]
[Site "Halkidiki"]
[Date "2018.10.15"]
[Round "4"]
[White "Gunina, Valentina"]
[Black "Muzychuk, Anna"]
[Result "1/2-1/2"]
[WhiteElo "2525"]
[BlackElo "2555"]
[Annotator "TA"]
[PlyCount "139"]
[EventDate "2018.10.12"]
[EventType "team-tourn"]
[EventCountry "GRE"]
[SourceTitle "playchess.com"]
[Source "ChessBase"]
[SourceQuality "1"]
[WhiteTeam "Pentole Agnelli"]
[BlackTeam "Monte-Carlo"]

{[%evp 16,139,26,0,18,4,44,30,67,60,61,39,70,38,96,99,99,91,91,81,85,89,105,60,37,28,29,31,24,29,31,36,82,57,58,50,60,56,43,50,56,44,46,20,20,20,20,20,45,19,27,16,18,17,22,22,23,10,18,7,45,7,8,0,0,0,0,0,0,0,0,0,0,0,0,0,0,0,22,0,0,0,0,0,0,0,0,0,0,0,0,0,0,0,0,0,0,0,0,0,0,0,0,0,0,0,0,0,0,0,0,0,0,0,0,0,0,0,0,0,0,0,0,0,0,0]} 1. d4 d5 2. c4 c6 3. cxd5 cxd5 4. Bf4 Nc6 5. e3 Nf6 6. Nc3 Bg4 7. Qb3 {D10: Slav Defence: 3 cxd5 (without early Nf3) and 3 Nc3} Na5 8. Bb5+ Bd7 9. Qd1 {LiveBook: 13 Games. White has an edge.} Rc8 10. Bxd7+ Qxd7 11. Nf3 Nc6 12. Ne5 $1 {[%cal Re5d7]} Nxe5 13. dxe5 Ne4 14. e6 $1 {[%cal Re6d7]} ({Don't play} 14. Qxd5 Qxd5 15. Nxd5 e6 $15) 14... fxe6 (14... Qxe6 $14 15. Nxd5 Qc6) 15. Nxe4 $16 dxe4 {[#]} 16. Qxd7+ $146 Kxd7 17. O-O Rc5 18. Rac1 {[%mdl 1024] White has strong compensation.} Rb5 19. Rfd1+ Ke8 $1 20. b3 g5 21. a4 Rxb3 22. Bxg5 Rg8 23. Bh4 Rg4 24. g3 Rd3 25. Rc8+ Kd7 $1 26. Rdc1 Rd1+ $1 27. Rxd1+ Kxc8 $14 {[%mdl 4096] Endgame KRB-KRB} 28. Kg2 b6 29. h3 Rg6 $1 30. Rd4 Bg7 31. Rxe4 Kd7 32. Kf3 Bf6 33. Ke2 a6 34. Bxf6 exf6 $11 {KR-KR} 35. Rh4 Rg7 36. Kd3 b5 37. Kc3 f5 38. axb5 axb5 {The position is equal.} 39. Kb4 Kc6 40. Rh5 Ra7 41. Rh6 Kd5 42. g4 fxg4 43. hxg4 Ra4+ 44. Kxb5 Rxg4 45. Rxh7 Ke4 46. Kc5 {[#] Black must now prevent Kd6.} Rg2 47. Rf7 e5 48. Kc4 Rg1 49. Kc3 Rd1 50. Kc2 Rd8 51. Rf6 Rd7 52. Rf8 Rd6 53. Kc3 Rd7 54. Rf6 Rd8 55. Kb4 Rc8 56. Kb5 Rc2 57. Rf8 Kd3 58. Kb6 Ke4 59. Rf6 Kd3 60. Rf8 Ke4 61. Kb5 Kd3 62. Kb4 Ke4 63. Kb3 Rc7 64. Re8 Kd5 65. f3 Rf7 66. e4+ Kd4 67. Rd8+ Ke3 68. Kc4 Kxf3 69. Kd5 Rf4 70. Kxe5 {Precision: White = 79%, Black = 80%.} 1/2-1/2

[Event "23rd European Women Club Cup 2018"]
[Site "Halkidiki"]
[Date "2018.10.15"]
[Round "4"]
[White "Dzagnidze, Nana"]
[Black "Heinemann, Josefine"]
[Result "1/2-1/2"]
[WhiteElo "2509"]
[BlackElo "2308"]
[Annotator "TA"]
[PlyCount "61"]
[EventDate "2018.10.12"]
[EventType "team-tourn"]
[EventCountry "GRE"]
[SourceTitle "playchess.com"]
[Source "ChessBase"]
[SourceQuality "1"]
[WhiteTeam "Nona"]
[BlackTeam "Mulhouse"]

{[%evp 15,61,-16,-11,-66,-68,-68,-75,-64,-67,-56,-65,-68,-54,-54,-54,-56,-52,-79,-85,-101,-62,-62,-57,-60,-63,-80,-65,-66,-62,-64,-52,-53,-53,-59,-55,-56,-56,-56,-53,-56,-31,-39,0,-24,-24,-30,-20,-20]} 1. Nf3 Nf6 2. c4 c5 3. b3 g6 4. Bb2 Bg7 5. g3 O-O 6. Bg2 Nc6 7. d4 d5 8. O-O dxc4 {LiveBook: 3 Partien. A30: Englische Eröffnung (Symmetrische Variante)} 9. bxc4 ({Lieber} 9. dxc5 $11 Qa5 10. Qc1) 9... Qb6 $15 (9... cxd4 10. Nxd4 Qb6 11. Nb3 Be6 12. N1d2 Rfd8 13. Qc1 Rac8 14. Bc3 Qc7 15. Qb2 b6 16. Rfc1 {½-½ (24) Tologontegin,S (2435)-Mammadov,Z (2422) Ordu 2017}) 10. Qb3 $1 Ne4 $146 {[%cal Rc5d4] Schwarz steht etwas besser.} ({Vorgänger:} 10... Nd7 11. e3 Na5 12. Qxb6 Nxb6 13. Bc3 Nbxc4 14. dxc5 Bd7 15. Bxg7 Kxg7 16. Nc3 {0-1 (39) Rauch,F (2215)-Kerek,K (2170) Hungary 1994}) 11. e3 Na5 12. Qxb6 axb6 13. Rc1 Nd6 14. Nbd2 Be6 {[%cal Ra5c4]} 15. Bf1 Rfc8 16. Ne5 cxd4 17. Bxd4 Bxe5 (17... f6 {keeps more tension.} 18. Nef3 Naxc4 19. a4 Nxd2 20. Rxc8+ Rxc8 21. Nxd2 f5) 18. Bxe5 Naxc4 19. Nxc4 Nxc4 20. Bxc4 Rxc4 21. Rxc4 Bxc4 $17 {[%mdl 4096] Endspiel KTL-KTL} 22. a3 f6 23. Bd4 b5 24. Bc5 Kf7 25. f3 Rd8 26. Bb4 Rd3 27. Kf2 Rb3 28. Rd1 Rd3 29. Rxd3 Bxd3 30. e4 e5 31. Ke3 {Precision: Weiß = 66%, Schwarz = 74%.} 1/2-1/2

[Event "23rd European Women Club Cup 2018"]
[Site "Halkidiki"]
[Date "2018.10.15"]
[Round "4"]
[White "Girya, Olga"]
[Black "Kumanska, Olena"]
[Result "1-0"]
[WhiteElo "2479"]
[BlackElo "2054"]
[Annotator "TA"]
[PlyCount "37"]
[EventDate "2018.10.12"]
[EventType "team-tourn"]
[EventCountry "GRE"]
[SourceTitle "playchess.com"]
[Source "ChessBase"]
[SourceQuality "1"]
[WhiteTeam "Ugra"]
[BlackTeam "Beer Sheva"]

{[%evp 19,37,13,33,24,22,14,33,35,65,66,70,67,73,66,269,214,211,201,209,200]} 1. d4 Nf6 2. c4 e6 3. Nf3 b6 4. g3 Bb7 5. Bg2 Be7 6. O-O O-O 7. Nc3 Ne4 8. Bd2 Nxd2 9. Qxd2 d6 10. Qc2 {E18: Queen's Indian: Old Main Line (4 g3 Bb7 5 Bg2 Be7 6 0-0 0-0 7 Nc3)} (10. b4 Nd7 11. Qd3 g6 12. b5 Bf6 13. Rfd1 a6 14. a4 c5 15. bxc6 Bxc6 16. Ne4 Bxe4 17. Qxe4 Qc7 {½-½ (45) Duda,J (2706)-Ponomariov,R (2687) Germany 2018}) 10... Qc8 {LiveBook: 4 Games} 11. e4 Nd7 12. Rad1 {The position is equal.} Bf6 $146 ({Predecessor:} 12... c6 13. Rfe1 Qc7 14. Qd2 Rad8 15. h4 e5 16. d5 Nf6 17. dxc6 Bxc6 {½-½ (51) Franciskovic,B (2312)-Bender,I (2310) Sibenik 2015}) 13. Rfe1 e5 14. Nd5 exd4 15. Nxd4 {[%cal Bf3d4,Bd4b5,Bb5d6][%mdl 32]} Re8 16. Nb5 $36 {[%mdl 2048] White has some pressure.} Bd8 $2 (16... Bxd5 $1 $14 17. cxd5 (17. exd5 Rxe1+ 18. Rxe1 a6 $14) 17... a6) 17. Bh3 {aiming for e5!} a6 {[#]} 18. Nxb6 $1 {[%mdl 512]} cxb6 19. Nxd6 1-0

[Event "23rd European Women Club Cup 2018"]
[Site "Halkidiki"]
[Date "2018.10.15"]
[Round "4"]
[White "Khotenashvili, Bela"]
[Black "Richard, Emma"]
[Result "1-0"]
[WhiteElo "2469"]
[BlackElo "2127"]
[Annotator "ChessBase"]
[PlyCount "69"]
[EventDate "2018.10.12"]
[EventType "team-tourn"]
[EventCountry "GRE"]
[SourceTitle "playchess.com"]
[Source "ChessBase"]
[SourceQuality "1"]
[WhiteTeam "Nona"]
[BlackTeam "Mulhouse"]
[TimeControl "40/5400+30:1800+30"]

1. d4 {[%emt 0:00:00]} Nf6 {[%emt 0:00:00]} 2. Nf3 {[%emt 0:00:00]} e6 {[%emt 0:00:00]} 3. Bf4 {[%emt 0:00:00]} c5 {[%emt 0:03:03]} 4. e3 {[%emt 0:00:00]} Nc6 {[%emt 0:00:22]} 5. Nbd2 {[%emt 0:00:53]} cxd4 {[%emt 0:07:19]} 6. exd4 {[%emt 0:00:17]} d5 {[%emt 0:02:11]} 7. c3 {[%emt 0:00:58]} Be7 {[%emt 0:06:21]} 8. Bd3 {[%emt 0:00:53]} O-O {[%emt 0:00:39]} 9. O-O {[%emt 0:01:41]} Nh5 {[%emt 0:05:47]} 10. Be3 {[%emt 0:03:38]} f5 {[%emt 0:00:55]} 11. Ne5 {[%emt 0:05:42]} g6 {[%emt 0:06:24]} 12. Ndf3 {[%emt 0:03:55]} Bd6 {[%emt 0:23:53]} 13. Bh6 {[%emt 0:19:49]} Re8 {[%emt 0:05:04]} 14. Re1 {[%emt 0:00:12]} Qc7 {[%emt 0:01:18]} 15. Rc1 {[%emt 0:04:47]} Nf6 {[%emt 0:07:55]} 16. c4 {[%emt 0:06:11]} Bxe5 {[%emt 0:13:36]} 17. Nxe5 {[%emt 0:03:10]} dxc4 {[%emt 0:02:39]} 18. Bxc4 {[%emt 0:01:22]} Qb6 {[%emt 0:01:10]} 19. Nxc6 {[%emt 0:14:17]} bxc6 {[%emt 0:00:05]} 20. Bb3 {[%emt 0:00:38]} Bd7 {[%emt 0:07:12]} 21. Bf4 {[%emt 0:04:17]} Rad8 {[%emt 0:01:04]} 22. h3 {[%emt 0:03:39]} Nd5 {[%emt 0:00:57]} 23. Be5 {[%emt 0:00:23]} Rf8 {[%emt 0:00:36]} 24. Rc5 {[%emt 0:07:43]} Rf7 {[%emt 0:01:48]} 25. Qd2 {[%emt 0:00:06]} Qb4 {[%emt 0:00:45]} 26. Qc1 {[%emt 0:01:45]} f4 {[%emt 0:01:22]} 27. Re4 {[%emt 0:01:59]} f3 {[%emt 0:00:29]} 28. g3 {[%emt 0:00:42]} Qb6 {[%emt 0:00:20]} 29. Qh6 {[%emt 0:01:35]} Ne7 {[%emt 0:00:32]} 30. Rf4 {[%emt 0:02:32]} Qb4 {[%emt 0:00:08]} 31. Rc3 {[%emt 0:00:59]} Rdf8 {[%emt 0:00:20]} 32. Rg4 {[%emt 0:06:23]} Qa5 {[%emt 0:01:08]} 33. h4 {[%emt 0:01:54]} Nf5 {[%emt 0:00:32]} 34. Rxg6+ {[%emt 0:00:15]} Ng7 {[%emt 0:00:12]} 35. Rxg7+ {[%emt 0:00:08]} 1-0